000 00882nam a22002897a 4500
003 CHAP
005 20220817042628.0
008 971013s1975 r 00010 d
010 _a50345
011 _a51317
035 _a55467
040 _cCHAP
082 _a080
_bS4 v.186
100 0 0 _aPitol, Sergio.
_988591
245 _aDe Jane Austen a Virginia Woolf
_b: seis novelistas en sus textos
260 _aMéxico :
_bSecretaría de Educación Pública,
_c1975
300 _a189 p.
490 _aSEP/Setentas
_v; 186
590 _aBATCH-UPD
_b10
_c20130110
_lUCH01
_h0358
590 _aBATCH-UPD
_b10
_c20130110
_lUCH01
_h1923
590 _aCONVERSION
_b10
_c20130109
_lUCH01
_h1327
650 1 4 _aLiteratura inglesa.
_967134
830 0 _aSEP. Setentas
_v; 186
901 _aBK
942 _cLIBRO
949 _a080 S4 v.186
_bBC
_cLIBRO
_d33724000807863
_eLIBRO
_h44470
_i55467
_mD
_sb
999 _c50345
_d50345